Twitch: Les 50 Streamers les plus regardés [FR] - Statistiques

Statistiques générales
  • Ce quiz a été pris 4 876 fois
    1 490 depuis la dernière actualisation
  • Le résultat moyen est 11 sur 50
Statistiques - réponses
Vues Streamer % Correct
66,7M Squeezie
94%
185M Gotaga
83%
108M Kameto
69%
156M Zerator
62%
64,7M Locklear
59%
31,7M Doigby
56%
121M Domingo
56%
25,8M Maghla
55%
37,3M Antoine Daniel
50%
60,7M Ponce
44%
44,5M Etoiles
42%
22,4M Joueur du Grenier
42%
86,1M Mister MV
39%
50,3M JLTomy
38%
15,6M Ultia
32%
120M Sardoche
28%
20,5M Xari
24%
27,1M LittleBigWhale
23%
30,1M JeelTV
21%
29,7M LeBouseuh
21%
33,3M Mickalow
21%
25,5M Wankil Studio
20%
37M Moman
18%
16,7M DrFeelGood
15%
27,3M Skyyart
14%
15,9M JLAmaru
13%
37,2M Tonton
13%
30,4M ChowH1
12%
25,2M Kenny's
11%
33,8M Mastersnakou
8%
17,9M Bichou
7%
35M BruceGrannec
6%
19M Gius
6%
18M Kaydop
6%
33,4M GobGG
5%
28,5M SkyrozTV
5%
23,7M FantaBobShow
4%
19,8M RHOBALAS_LOL
4%
32,1M Shaunz
4%
34,8M Aikillu
3%
19,5M BibixHD
3%
34M Lapi
3%
15,9M Alexclick
2%
22,6M MrBBoy45
2%
18,7M Camak
1%
29.8M Scream
1%
20,8M BogleGob
0%
17,2M HeyarTV
0%
27,2M Kaellyn
0%
18,1M Krayn Live
0%
Aucun quiz correspondant
Distribution des résultats
% des personnes avec chaque résultat
Percentile par nombre de réponses
Votre historique - résultats
Vous n’avez pas pris ce quiz depuis la dernière actualisation